000 01088nac a22002411u 4500
008 100907t xxu||||| |||| 00| 0 eng d
010 _a 89012884
020 _a0582231264
082 0 0 _a624.171
_bMAR
100 _aMarshall, W. T.
_918591
245 1 0 _aMarshall & Nelson's structures/
_cRevised by P. Bhatt, H. M. Nelson
250 _a3rd ed.
260 _aHarlow, Essex, England :
_bLongman Scientific & Technical ;
_aNew York :
_bJ. Wiley,1990
_c1990.
300 _axiii, 602 p. :
_bill. ;
_c25 cm.
504 _aIncludes bibliographical references and index.
650 0 _aStructural analysis (Engineering)
_918592
700 1 _aNelson, H. M.
_q(Hugh McDowall),
_d1922-
_918593
700 1 _aBhatt, P.
_918594
740 0 _aStructures.
942 _cNB
_k624.171MAR
_2ddc
999 _c4463
_d4463